000 01291nas a2200301 454500
001 22981
005 20260407193506.0
008 260407s1949####ag###########|||spa#d
003 AR-UNSa-BCEJYS
040 _aAR-UNSa-BCEJYS
_bspa
_cAR-UNSa-BCEJYS
080 _a330
_xEconomía en general
245 1 0 _aRevista de la Facultad de Ciencias Económicas de la Universidad de Cuyo
022 _a0041-8668
264 1 _aMendoza :
_bUniversidad Nacional de Cuyo. Facultad de Ciencias Económicas
_c1949
310 _aFrecuencia: Cuatrimestral A partir del Año VI, Nº 16 cambia de título la publicación por Revista de la Facultad de Ciencias Económicas Cambia de Director a partir del Año XLVI, Nº 109/110 por Silvia Seippel de Gaspar
942 _cSER
590 _aniveau_biblio:s niveau_hierar:1
100 1 _aLeiva Hita, Francisco V.
700 1 _aCaplán, Benedicto
700 1 _aPaolantonio, R.
700 1 _aToranzos, Fausto I.
700 1 _aVila Porcar, J.V.
700 1 _aErice, A.E.
700 1 _aUniversidad Nacional de Cuyo. Facultad de Ciencias Económicas
650 _aInvestigación económica
650 _aECONOMIA
856 4 1 _uhttps://biblioeco.unsa.edu.ar/pmb/images/revistas/Revista de la Facultad de Ciencias Econ?micas.jpg
_yImagen de portada
_qimage/jpeg
999 _c8557
_d8557